Pays avec au moins 2 fuseaux horaires - Mort subite - Statistiques

Statistiques générales
  • Ce quiz a été pris 100 fois
  • Le résultat moyen est 5 sur 10
Answers on the Grid
Answers color-coded by a green-red scale on the quiz's grid according to % correct below.
États-Unis
Russie
Australie
Canada
Brésil
Mexique
Indonésie
RDC
Mongolie
Kiribati
Algérie
Afghanistan
Argentine
Bolivie
Chine
Colombie
Iran
Japon
Malaisie
Norvège
 
Statistiques - réponses
Réponse % Correct
États-Unis
77%
Russie
76%
Canada
64%
Australie
58%
Brésil
52%
Indonésie
36%
Mongolie
33%
Mexique
23%
RDC
20%
Kiribati
18%
Aucun quiz correspondant
Distribution des résultats
% des personnes avec chaque résultat
Percentile par nombre de réponses
Votre historique - résultats
Vous n’avez pas pris ce quiz